000 00765nam a22001817a 4500
003 UA-OsUOA
001 17533
007 ta
008 20040313b un ||||| |||| 00| 0 ukr d
100 _aШморгун Є.
942 _cSA
040 _aUA-OsUOA
_cUA-OsUOA
_dUA-OsUOA
245 _a"Люблю її вільний дух!..": [Інтерв'ю з відомим письм. і видавцем, лауреатом літ. премії ім. Л. Українки Є. Шморгуном з нагоди річниці від дня народж. укр. поетеси Л. Українки]
300 _aС.6
955 _a0
773 0 _w0
_tНова Волинь
_dРівне
_d2004
_g№8/26 лют./
650 7 _aКраєзнавча робота
_2UDC
999 _c303701
_d303701